Statistiques concernant 📖💬 Paroles "Le Dragon Ă  plusieurs tĂȘtes..." la Fontaine

Cliquez ici pour prendre le quiz!

Statistiques générales

  • Ce quiz a Ă©tĂ© pris 34 fois
  • Le rĂ©sultat moyen est 158 sur 214

Statistiques - réponses

Mots% Correct
Ă 
100%
a
100%
au
100%
autre.
100%
autre
100%
bien
100%
d'
100%
D'
100%
de
100%
De
100%
des
100%
Dragon
100%
du
100%
en
100%
Et
100%
et
100%
il
100%
J'
100%
je
100%
Je
100%
l'
100%
la
100%
Le
100%
le
100%
Les
100%
les
100%
me
100%
Me
100%
moi,
100%
moins
100%
n'
100%
par
100%
plus
100%
qu'
100%
Quand
100%
Que
100%
que
100%
Qui
100%
qui
100%
s'
100%
se
100%
tĂȘtes
100%
Un
100%
un
100%
une
100%
avait
86%
Ce
86%
crois
86%
est
86%
Grand
86%
Mon
86%
Ne
86%
ne
86%
on
86%
peut
86%
queue
86%
Rien
86%
sans
86%
si
86%
son
86%
vis
86%
cette
71%
dire :
71%
dit
71%
dit :
71%
eux
71%
fait
71%
fit
71%
homme
71%
Jamais
71%
jour
71%
MaĂźtre
71%
mal.
71%
mit
71%
ni
71%
peur
71%
sais
71%
seur,
71%
ainsi
57%
cela
57%
cent
57%
chacun
57%
chez
57%
corps,
57%
corps
57%
Ă©tais
57%
eus
57%
leur
57%
lieu
57%
monde
57%
pourtant
57%
sang
57%
sens
57%
seul
57%
sont
57%
votre
57%
animal
43%
celles
43%
chaque
43%
commence
43%
effraie.
43%
forces
43%
glacer,
43%
Histoire,
43%
Hydre
43%
lorsque
43%
Lui
43%
notre.
43%
Notre
43%
passe,
43%
pourrait
43%
Prince
43%
pût
43%
Seigneur
43%
trouver
43%
venir
43%
vers
43%
vraie.
43%
Allemand
29%
armée.
29%
aussi.
29%
aventure
29%
aventure,
29%
chef,
29%
chef
29%
chemin
29%
Chiaoux
29%
dépendants
29%
derechef
29%
Electeur
29%
empĂȘcha ;
29%
Empereur
29%
Empire.
29%
envoyé
29%
Ă©pouvante.
29%
Ă©tonnement
29%
Ă©trange,
29%
fournir ;
29%
haie.
29%
ouverture.
29%
passer
29%
Préférait,
29%
présente.
29%
puissants,
29%
renommée
29%
révais
29%
saisi
29%
soudoyer
29%
soutiens
29%
souvenir
29%
toutefois
29%
travers
29%
voilĂ 
29%

Distribution des résultats

Percentile par nombre de réponses

% des personnes avec chaque résultat

Votre développement - résultats

Vous n’avez pas pris ce quiz